[Event "MVP-ch Seniors op 16th"]
[Site "Binz"]
[Date "2016.11.30"]
[Round "8.62"]
[White "Knoblach, Norbert"]
[Black "Klas, Friedrich Guenther"]
[Result "1/2-1/2"]
[WhiteElo "1832"]
[BlackElo "1673"]
[PlyCount "45"]
[EventDate "2016.11.23"]
[EventType "swiss"]
[EventRounds "9"]
[EventCountry "GER"]
[SourceTitle "EXT 2018"]
[Source "ChessBase"]
[SourceDate "2017.10.13"]
[SourceVersion "1"]
[SourceVersionDate "2017.10.13"]
[SourceQuality "1"]

1. d4 Nf6 2. Nf3 d5 3. c4 c6 4. e3 Qc7 5. Bd3 Bg4 6. 0-0 Nbd7 7. Nbd2 e5 8. dxe5 Nxe5 9. Be2 Nxf3+ 10. Nxf3 Rd8 11. Qc2 g6 12. b3 Bg7 13. Bb2 Nh5 14. Rac1 Bxb2 15. Qxb2 0-0 16. h3 Be6 17. Nd4 Ng7 18. Nxe6 fxe6 19. Rfd1 Qf7 20. Bf3 Qf6 21. Qxf6 Rxf6 22. cxd5 exd5 23. b4 1/2-1/2

[Event "MVP-ch Seniors op 15th"]
[Site "Binz"]
[Date "2015.11.29"]
[Round "6.37"]
[White "Knoblach, Norbert"]
[Black "Bachmann, Rolf"]
[Result "0-1"]
[WhiteElo "1590"]
[BlackElo "1825"]
[PlyCount "30"]
[EventDate "2015.11.24"]
[EventType "swiss"]
[EventRounds "9"]
[EventCountry "GER"]
[SourceTitle "EXT 2017"]
[Source "ChessBase"]
[SourceDate "2016.10.25"]
[SourceVersion "1"]
[SourceVersionDate "2016.10.25"]
[SourceQuality "1"]

1. d4 Nf6 2. c4 g6 3. g3 Bg7 4. Bg2 0-0 5. Nf3 c5 6. e3 Nc6 7. 0-0 b6 8. Nc3 Rb8 9. Rb1 d6 10. h3 Bf5 11. Ra1 Nb4 12. a3 Na6 13. g4 Bd7 14. d5 Nc7 15. Qc2 h5 0-1

[Event "MVP-ch Seniors op 14th"]
[Site "Binz"]
[Date "2014.12.03"]
[Round "9"]
[White "Fleischer, Martin"]
[Black "Knoblach, Norbert"]
[Result "1-0"]
[WhiteElo "1690"]
[BlackElo "1558"]
[PlyCount "120"]
[EventDate "2014.11.25"]
[EventType "swiss"]
[EventRounds "9"]
[EventCountry "GER"]
[SourceTitle "EXT 2016"]
[Source "ChessBase"]
[SourceDate "2015.10.08"]
[SourceVersion "1"]
[SourceVersionDate "2015.10.08"]
[SourceQuality "1"]

1. e4 c6 2. d4 d5 3. e5 Bf5 4. c3 e6 5. Nf3 c5 6. Bb5+ Nc6 7. 0-0 a6 8. Bxc6+ bxc6 9. Qa4 Qb6 10. dxc5 Bxc5 11. b4 Be7 12. Be3 Qb5 13. Qa3 Nh6 14. Nd4 Qb7 15. Bxh6 gxh6 16. Nxf5 exf5 17. Nd2 a5 18. Qb2 axb4 19. a3 b3 20. Nxb3 0-0 21. a4 f4 22. Qc2 Qd7 23. Nd4 f5 24. a5 Ra6 25. Ra2 Rfa8 26. e6 Qd6 27. Qxf5 Rf8 28. Qg4+ Kh8 29. Qe2 c5 30. Nf3 Qxe6 31. Qxe6 Rxe6 32. a6 Ra8 33. Rfa1 Ra7 34. Kf1 Bf6 35. Ra3 Kg7 36. Nd2 d4 37. cxd4 cxd4 38. Nf3 Rd6 39. R1a2 Rc6 40. g3 fxg3 41. hxg3 Rc3 42. Rxc3 dxc3 43. Ne1 Bd4 44. Nc2 Bc5 45. Ne1 Rd7 46. Ke2 Rf7 47. Nd3 Ba7 48. Kd1 Kf6 49. Ra4 Rc7 50. Kc2 Bb6 51. Rf4+ Kg7 52. Nb4 Rc5 53. Rd4 Rc7 54. Rg4+ Kf7 55. Nd5 Rc6 56. Nxb6 Rxb6 57. Ra4 Rb8 58. a7 Ra8 59. Ra6 h5 60. Kxc3 Kg7 1-0

[Event "MVP-ch Seniors op 12th"]
[Site "Binz"]
[Date "2012.11.29"]
[Round "2"]
[White "Knoblach, Norbert"]
[Black "Rollwitz, Inge"]
[Result "1/2-1/2"]
[WhiteElo "1557"]
[BlackElo "1288"]
[PlyCount "160"]
[EventDate "2012.11.28"]
[EventType "swiss"]
[EventRounds "9"]
[EventCountry "GER"]
[SourceTitle "EXT 2014"]
[Source "ChessBase"]
[SourceDate "2013.11.20"]
[SourceVersion "1"]
[SourceVersionDate "2013.11.20"]
[SourceQuality "1"]

1. d4 d6 2. Nf3 Nf6 3. c4 c6 4. Nc3 g6 5. g3 Bg7 6. Bg2 0-0 7. 0-0 a6 8. e4 Nbd7 9. h3 Qc7 10. Be3 e5 11. Rc1 Re8 12. b4 b6 13. b5 axb5 14. cxb5 c5 15. dxc5 dxc5 16. Nd2 Bb7 17. Nc4 Red8 18. Qb3 Ne8 19. Nd5 Bxd5 20. exd5 Nd6 21. Nxd6 Qxd6 22. f4 Re8 23. fxe5 Bxe5 24. Bf4 Bxf4 25. Rxf4 Re5 26. Ra4 Rxa4 27. Qxa4 Re2 28. Qa8+ Kg7 29. Rc3 Qf6 30. Rf3 Qd4+ 31. Kh1 Re1+ 32. Rf1 Rxf1+ 33. Bxf1 Qf2 34. Bg2 Qe1+ 35. Kh2 Qd2 36. Qe8 Nf6 37. Qe5 Qxa2 38. d6 Qa7 39. Qe7 Nd7 40. Bc6 Qa2+ 41. Kg1 Qa1+ 42. Kf2 Qd4+ 43. Kg2 Qd2+ 44. Kh1 Qd1+ 45. Kh2 Qd2+ 46. Bg2 Nf6 47. Qc7 Ne8 48. Qxb6 Qxd6 49. Qxd6 Nxd6 50. b6 c4 51. b7 Nxb7 52. Bxb7 Kf6 53. Bd5 c3 54. Bb3 Ke5 55. g4 g5 56. Kg3 Kd4 57. h4 h6 58. h5 f6 59. Kf3 Kd3 60. Ba4 c2 61. Bxc2+ Kxc2 62. Ke4 Kd2 63. Kf5 Ke3 64. Kxf6 Kf4 65. Kg6 Kxg4 66. Kxh6 Kf5 67. Kg7 g4 68. Kf7 g3 69. h6 g2 70. h7 g1Q 71. h8Q Qa7+ 72. Kf8 Qb8+ 73. Kg7 Qg3+ 74. Kf8 Qd6+ 75. Kg7 Qg6+ 76. Kf8 Qd6+ 77. Kf7 Qe6+ 78. Kf8 Qd6+ 79. Kf7 Qe6+ 80. Kf8 Qg6 1/2-1/2

[Event "MVP-ch Seniors op 11th"]
[Site "Binz"]
[Date "2011.11.30"]
[Round "1.7"]
[White "Rahls, Peter"]
[Black "Knoblach, Norbert"]
[Result "1-0"]
[WhiteElo "2121"]
[BlackElo "1736"]
[PlyCount "38"]
[EventDate "2011.11.30"]
[EventType "swiss"]
[EventRounds "9"]
[EventCountry "GER"]
[SourceTitle "EXT 2013"]
[Source "ChessBase"]
[SourceDate "2012.11.22"]
[SourceVersion "1"]
[SourceVersionDate "2012.11.22"]
[SourceQuality "1"]

1. e4 c6 2. d4 d5 3. e5 Bf5 4. Nd2 e6 5. Nb3 Nd7 6. Nf3 a6 7. Be3 Rc8 8. Be2 c5 9. dxc5 Nxc5 10. Nfd4 Nxb3 11. axb3 Be4 12. 0-0 Ne7 13. Bh5 g6 14. Be2 Nc6 15. c3 g5 16. Nxc6 Rxc6 17. b4 b5 18. f3 Bf5 19. Rxa6 Rb6 1-0

[Event "Dresden ZMD op"]
[Site "Dresden"]
[Date "2009.07.26"]
[Round "2"]
[White "Knoblach, Norbert"]
[Black "Genov, Petar"]
[Result "0-1"]
[WhiteElo "1885"]
[BlackElo "2478"]
[PlyCount "54"]
[EventDate "2009.07.25"]
[EventType "swiss"]
[EventRounds "9"]
[EventCountry "GER"]
[SourceTitle "CBM 131 Extra"]
[Source "ChessBase"]
[SourceDate "2009.09.03"]
[SourceVersion "2"]
[SourceVersionDate "2009.09.16"]
[SourceQuality "1"]

1. d4 Nf6 2. c4 e6 3. Nc3 Bb4 4. e3 b6 5. Bd3 Bb7 6. Nf3 Bxc3+ 7. bxc3 d6 8. 0-0 Nbd7 9. Ba3 c5 10. Re1 Ne4 11. Qc2 f5 12. Nd2 Nxd2 13. Qxd2 Qg5 14. f3 Bxf3 15. Qf2 Be4 16. Bxe4 fxe4 17. dxc5 dxc5 18. Rad1 Nf6 19. Qf4 Qxf4 20. exf4 Ke7 21. h3 Rad8 22. g4 Rxd1 23. Rxd1 Rd8 24. Rxd8 Kxd8 25. Kf2 Ne8 26. Ke3 Nd6 27. Bc1 g6 0-1

[Event "Sachsen-ch Seniors op 17th"]
[Site "Dresden"]
[Date "2009.02.14"]
[Round "6"]
[White "Micheel, Peter"]
[Black "Knoblach, Norbert"]
[Result "1-0"]
[WhiteElo "1742"]
[BlackElo "1675"]
[PlyCount "81"]
[EventDate "2009.02.09"]
[EventType "swiss"]
[EventRounds "9"]
[EventCountry "GER"]
[SourceTitle "EXT 2022"]
[Source "ChessBase"]
[SourceDate "2021.10.06"]
[SourceVersion "1"]
[SourceVersionDate "2021.10.06"]
[SourceQuality "1"]

1. e4 c6 2. d4 d5 3. Nc3 dxe4 4. Nxe4 Nd7 5. Nf3 Ngf6 6. Bd3 Nxe4 7. Bxe4 Nf6 8. Bd3 Bg4 9. c3 e6 10. h3 Bh5 11. Bg5 Be7 12. Qe2 Qa5 13. g4 Bg6 14. Ne5 Bxd3 15. Qxd3 Nxg4 16. hxg4 Bxg5 17. Rxh7 0-0-0 18. Rxh8 Rxh8 19. Ke2 Rf8 20. b4 Qd5 21. Qf3 f6 22. Qxd5 cxd5 23. Nf3 Bh6 24. Rh1 b5 25. a4 bxa4 26. Ra1 Rf7 27. Rxa4 Rc7 28. g5 fxg5 29. Kd3 g4 30. Ne5 Bc1 31. Ra6 Bb2 32. c4 dxc4+ 33. Nxc4 Bc1 34. Rxe6 Rf7 35. Nd6+ Kd7 36. Nxf7 Kxe6 37. Ne5 Kd5 38. Nxg4 Bb2 39. Ne3+ Ke6 40. d5+ Kd6 41. Nc4+ 1-0

[Event "Sachsen-ch Seniors op 17th"]
[Site "Dresden"]
[Date "2009.02.13"]
[Round "5"]
[White "Knoblach, Norbert"]
[Black "Mueller, Horst2"]
[Result "1-0"]
[WhiteElo "1675"]
[BlackElo "1437"]
[PlyCount "59"]
[EventDate "2009.02.09"]
[EventType "swiss"]
[EventRounds "9"]
[EventCountry "GER"]
[SourceTitle "EXT 2022"]
[Source "ChessBase"]
[SourceDate "2021.10.06"]
[SourceVersion "1"]
[SourceVersionDate "2021.10.06"]
[SourceQuality "1"]

1. d4 Nf6 2. c4 e6 3. Nc3 Bb4 4. e3 0-0 5. Bd3 d5 6. Nf3 Ne4 7. Qc2 f5 8. 0-0 Nxc3 9. bxc3 Be7 10. a4 b6 11. cxd5 exd5 12. Ba3 Kh8 13. Bxe7 Qxe7 14. Ne5 c5 15. Qe2 c4 16. Bc2 Bd7 17. Qh5 Be8 18. Qf3 Qe6 19. Nxc4 Bh5 20. Qxh5 dxc4 21. Qf3 Nc6 22. Rfe1 Ne7 23. a5 b5 24. Qb7 Nd5 25. Qxb5 Nxc3 26. Qb4 Ne4 27. Rab1 Qd6 28. Bxe4 Qxb4 29. Rxb4 fxe4 30. Rc1 1-0

[Event "Sachsen-ch Seniors op 17th"]
[Site "Dresden"]
[Date "2009.02.12"]
[Round "4"]
[White "Weczerek, Franz"]
[Black "Knoblach, Norbert"]
[Result "1-0"]
[WhiteElo "1711"]
[BlackElo "1675"]
[PlyCount "38"]
[EventDate "2009.02.09"]
[EventType "swiss"]
[EventRounds "9"]
[EventCountry "GER"]
[SourceTitle "EXT 2022"]
[Source "ChessBase"]
[SourceDate "2021.10.06"]
[SourceVersion "1"]
[SourceVersionDate "2021.10.06"]
[SourceQuality "1"]

1. d4 Nf6 2. e3 g6 3. Bd3 Bg7 4. c4 0-0 5. Nc3 d6 6. Nge2 c6 7. e4 e5 8. d5 c5 9. f3 Nh5 10. Be3 f5 11. exf5 gxf5 12. Qd2 a6 13. Bg5 Nf6 14. Bh6 Rf7 15. 0-0-0 Bd7 16. Qg5 b5 17. Ng3 e4 18. cxb5 Bxb5 19. f4 Nh5 1-0

[Event "GER-ch Seniors Gp-B 18th"]
[Site "Dresden"]
[Date "2006.07.28"]
[Round "7"]
[White "Schwichtenberg, Juergen"]
[Black "Knoblach, Norbert"]
[Result "1/2-1/2"]
[WhiteElo "1599"]
[BlackElo "1624"]
[PlyCount "45"]
[EventDate "2006.07.22"]
[EventType "swiss"]
[EventRounds "9"]
[EventCountry "GER"]
[SourceTitle "EXT 2022"]
[Source "ChessBase"]
[SourceDate "2021.10.06"]
[SourceVersion "1"]
[SourceVersionDate "2021.10.06"]
[SourceQuality "1"]

1. b4 e5 2. Bb2 Nf6 3. b5 Bc5 4. e3 d6 5. Nf3 0-0 6. Be2 Be6 7. 0-0 h6 8. d4 exd4 9. Nxd4 Bd5 10. c4 Be4 11. Nd2 Nbd7 12. Nxe4 Nxe4 13. Qc2 Ndf6 14. a4 a5 15. Rad1 Re8 16. Bf3 Rb8 17. Nb3 Bb4 18. Rd4 Ng5 19. Bd5 Nxd5 20. Rxd5 Ne4 21. Rfd1 Qh4 22. Nd4 Nf6 23. Nf3 1/2-1/2